[Event "EU-chT Seniors 12th"]
[Site "Dresden"]
[Date "2010.02.16"]
[Round "7"]
[White "Trapl, Jindrich"]
[Black "Braun, Gottfried"]
[Result "1/2-1/2"]
[WhiteElo "2345"]
[BlackElo "2215"]
[PlyCount "107"]
[EventDate "2010.02.10"]
[EventType "team-swiss"]
[EventRounds "9"]
[EventCountry "GER"]
[SourceTitle "CBM 134 Extra"]
[Source "ChessBase"]
[SourceDate "2010.03.03"]
[SourceVersion "1"]
[SourceVersionDate "2010.03.03"]
[SourceQuality "1"]
[WhiteTeam "Czech Republic (Seniors)"]
[BlackTeam "Leipzig (Seniors)"]
[WhiteTeamCountry "CZE"]
[BlackTeamCountry "GER"]

1. c4 e5 2. Nc3 Be7 3. Nf3 d6 4. d4 Nc6 5. d5 Nb8 6. c5 Nf6 7. e4 0-0 8. Be2 Nbd7 9. cxd6 Bxd6 10. 0-0 a6 11. Qc2 Re8 12. Nh4 Nb6 13. g3 Bh3 14. Ng2 Rc8 15. Be3 Ng4 16. Bxg4 Bxg4 17. f3 Bh3 18. Nd1 Rf8 19. Nf2 Bd7 20. Bc5 Na4 21. Be3 Qe7 22. b3 Nc5 23. Rac1 b6 24. Qd2 a5 25. Rfd1 Rfe8 26. Nh4 f6 27. Nf5 Bxf5 28. exf5 Qd7 29. Qc2 Na6 30. Qc4 Nb8 31. Qg4 Ba3 32. Rc2 Kh8 33. Kg2 Na6 34. Qe4 Bc5 35. g4 Bxe3 36. Qxe3 Nb4 37. Rcd2 Rcd8 38. a3 Na6 39. Ne4 Qb5 40. Qc3 Qd7 41. Qc4 Nb8 42. Rc1 Rc8 43. Rdc2 Red8 44. d6 c5 45. b4 axb4 46. axb4 b5 47. Qd5 c4 48. Nc3 Nc6 49. Qxb5 Qxd6 50. Ne4 Qxb4 51. Qxb4 Nxb4 52. Rxc4 Rxc4 53. Rxc4 Nd5 54. Rc6 1/2-1/2

[Event "CZE-chT1W 0910"]
[Site "Czech Republic"]
[Date "2010.02.07"]
[Round "8.1"]
[White "Trapl, Jindrich"]
[Black "Plat, Vojtech"]
[Result "0-1"]
[WhiteElo "2345"]
[BlackElo "2397"]
[PlyCount "82"]
[EventDate "2009.10.11"]
[EventType "team-tourn"]
[EventRounds "11"]
[EventCountry "CZE"]
[SourceTitle "EXT 2011"]
[Source "ChessBase"]
[SourceDate "2010.11.26"]
[SourceVersion "1"]
[SourceVersionDate "2010.11.26"]
[SourceQuality "1"]
[WhiteTeam "Teplice"]
[BlackTeam "Hradec Kralove"]
[WhiteTeamCountry "CZE"]
[BlackTeamCountry "CZE"]

1. d4 Nf6 2. c4 g6 3. Nc3 d5 4. cxd5 Nxd5 5. e4 Nxc3 6. bxc3 Bg7 7. Bc4 0-0 8. Ne2 c5 9. Be3 Nc6 10. h4 cxd4 11. cxd4 Qa5+ 12. Kf1 h5 13. Rb1 Rb8 14. Nf4 e6 15. g4 Rd8 16. gxh5 Nxd4 17. hxg6 Qc7 18. gxf7+ Qxf7 19. Qg4 Kh7 20. Rg1 b5 21. Nh5 Rb7 22. Nxg7 Nc2 23. Bg5 bxc4 24. Rxb7 Bxb7 25. Qe2 Rd3 26. Nh5 Nd4 27. Nf6+ Kh8 28. Qb2 c3 29. Qb4 c2 30. Qd6 Rd1+ 31. Kg2 Rxg1+ 32. Kxg1 Nf3+ 33. Kg2 Nxg5 34. hxg5 Bxe4+ 35. Nxe4 c1Q 36. Qe5+ Kg8 37. Qb8+ Kg7 38. Qe5+ Kg6 39. Nd6 Qc6+ 40. Kg1 Qe7 41. Ne4 Qd5 0-1

[Event "Teplice op 4th"]
[Site "Teplice"]
[Date "2009.06.20"]
[Round "8"]
[White "Balin, Jan"]
[Black "Trapl, Jindrich"]
[Result "1/2-1/2"]
[WhiteElo "2287"]
[BlackElo "2353"]
[PlyCount "115"]
[EventDate "2009.06.13"]
[EventType "swiss"]
[EventRounds "9"]
[EventCountry "CZE"]
[SourceTitle "CBM 130 Extra"]
[Source "ChessBase"]
[SourceDate "2009.07.02"]
[SourceVersion "2"]
[SourceVersionDate "2009.07.15"]
[SourceQuality "1"]

1. d4 Nf6 2. c4 g6 3. Nc3 Bg7 4. e4 0-0 5. e5 Ne8 6. Nf3 d6 7. Bf4 Bg4 8. Be2 Nc6 9. exd6 cxd6 10. Be3 Nf6 11. h3 Bxf3 12. Bxf3 e5 13. Bxc6 bxc6 14. dxe5 dxe5 15. Qa4 Qc7 16. Rd1 a5 17. 0-0 Nd7 18. c5 Rab8 19. Rd6 Rfc8 20. Rfd1 Nf8 21. a3 Qb7 22. R1d2 Ne6 23. Rd7 Rc7 24. Rxc7 Qxc7 25. Rd6 Nd4 26. Ne4 Rxb2 27. Bg5 Rb1+ 28. Kh2 Rb8 29. Nf6+ Bxf6 30. Bxf6 Nb5 31. Rd1 e4+ 32. g3 Re8 33. Qb3 Qc8 34. Ba1 Qf5 35. Qb2 f6 36. a4 Nc7 37. Rd6 Nd5 38. Qc2 Qf3 39. Rxd5 cxd5 40. Bd4 Qd3 41. Qb2 Qc4 42. Be3 Kf7 43. h4 Qa6 44. Bf4 Qc6 45. Be3 Rd8 46. Bd4 Rd7 47. Qb5 Qe6 48. Qb8 e3 49. fxe3 Qe4 50. Qb2 g5 51. Bxf6 gxh4 52. Bxh4 d4 53. c6 Qxc6 54. exd4 Qd5 55. Qf2+ Kg8 56. Qf4 Qxd4 57. Qg5+ Qg7 58. Qxa5 1/2-1/2

[Event "Teplice op 4th"]
[Site "Teplice"]
[Date "2009.06.18"]
[Round "6"]
[White "Swinkels, Robin"]
[Black "Trapl, Jindrich"]
[Result "1-0"]
[WhiteElo "2499"]
[BlackElo "2353"]
[PlyCount "67"]
[EventDate "2009.06.13"]
[EventType "swiss"]
[EventRounds "9"]
[EventCountry "CZE"]
[SourceTitle "CBM 130 Extra"]
[Source "ChessBase"]
[SourceDate "2009.07.02"]
[SourceVersion "2"]
[SourceVersionDate "2009.07.15"]
[SourceQuality "1"]

1. e4 e5 2. Nf3 Nc6 3. Bb5 a6 4. Bxc6 dxc6 5. 0-0 Ne7 6. Nxe5 Qd4 7. Qh5 g6 8. Qg5 Bg7 9. Nd3 f5 10. e5 Qg4 11. f4 Qxg5 12. fxg5 b6 13. Re1 h6 14. gxh6 Bxh6 15. Nc3 Be6 16. Nf2 0-0-0 17. d3 g5 18. b4 g4 19. Ne2 Ng6 20. h3 f4 21. hxg4 f3 22. Bxh6 Rxh6 23. gxf3 Nh4 24. f4 Rg8 25. g5 Nf3+ 26. Kg2 Bd5 27. Ne4 Nxg5 28. fxg5 Rxg5+ 29. N2g3 Rxe5 30. c4 Bg8 31. Rf1 Rg6 32. Rf6 Rxf6 33. Nxf6 Be6 34. Nfe4 1-0

[Event "Teplice op 4th"]
[Site "Teplice"]
[Date "2009.06.15"]
[Round "3"]
[White "Trapl, Jindrich"]
[Black "Blazek, Jaroslav"]
[Result "1-0"]
[WhiteElo "2353"]
[BlackElo "1800"]
[PlyCount "37"]
[EventDate "2009.06.13"]
[EventType "swiss"]
[EventRounds "9"]
[EventCountry "CZE"]
[SourceTitle "CBM 130 Extra"]
[Source "ChessBase"]
[SourceDate "2009.07.02"]
[SourceVersion "2"]
[SourceVersionDate "2009.07.15"]
[SourceQuality "1"]

1. e4 e5 2. Bc4 Nf6 3. d3 Be7 4. Nf3 d6 5. 0-0 0-0 6. c3 Be6 7. Nbd2 Bxc4 8. Nxc4 b5 9. Ne3 Qd7 10. Nf5 Nc6 11. Bg5 Ng4 12. h3 Bxg5 13. Nxg5 Nf6 14. f4 h6 15. fxe5 hxg5 16. exf6 g6 17. Qg4 Rfd8 18. Qxg5 Qe8 19. Rf4 1-0

[Event "EU-chT Seniors 11th"]
[Site "Velden"]
[Date "2009.04.12"]
[Round "8"]
[White "Trapl, Jindrich"]
[Black "Dueckstein, Andreas"]
[Result "1-0"]
[WhiteElo "2353"]
[BlackElo "2235"]
[PlyCount "44"]
[EventDate "2009.04.05"]
[EventType "team-swiss"]
[EventRounds "9"]
[EventCountry "AUT"]
[SourceTitle "CBM 129 Extra"]
[Source "ChessBase"]
[SourceDate "2009.05.05"]
[SourceVersion "2"]
[SourceVersionDate "2009.05.20"]
[SourceQuality "1"]

1. Nf3 d5 2. c4 d4 3. g3 g6 4. b4 Bg7 5. Bb2 e5 6. d3 Ne7 7. Bg2 a5 8. b5 c5 9. bxc6 Nbxc6 10. Na3 0-0 11. 0-0 Nb4 12. Nb5 Bd7 13. a3 Na6 14. e3 dxe3 15. Nxe5 exf2+ 16. Rxf2 Nc6 17. Nxc6 bxc6 18. Bxg7 Kxg7 19. Qf3 Nc5 20. d4 Na4 21. Nd6 f6 22. Re1 Nb6 1-0

[Event "Teplice op 3rd"]
[Site "Teplice"]
[Date "2008.06.20"]
[Round "7"]
[White "Trapl, Jindrich"]
[Black "Manik, Mikulas"]
[Result "1/2-1/2"]
[WhiteElo "2337"]
[BlackElo "2439"]
[PlyCount "75"]
[EventDate "2008.06.14"]
[EventType "swiss"]
[EventRounds "9"]
[EventCountry "CZE"]
[SourceTitle "CBM 125 Extra"]
[Source "ChessBase"]
[SourceDate "2008.09.01"]
[SourceVersion "1"]
[SourceVersionDate "2008.09.01"]
[SourceQuality "1"]

1. Nf3 Nf6 2. c4 e6 3. g3 d5 4. Bg2 Nbd7 5. b3 b6 6. 0-0 Bb7 7. Bb2 Bd6 8. Nc3 0-0 9. Qc2 c5 10. e3 Re8 11. Rfd1 Rc8 12. Rac1 Ba8 13. Qb1 dxc4 14. bxc4 Bf8 15. Qc2 g6 16. d3 a6 17. Qe2 Bg7 18. Ng5 Bxg2 19. Kxg2 Qc7 20. f4 Qc6+ 21. Qf3 h6 22. Nge4 b5 23. Rd2 b4 24. Nd1 Nxe4 25. Qxe4 Red8 26. Bxg7 Kxg7 27. Nf2 Qxe4+ 28. Nxe4 Nb6 29. g4 f5 30. Nf2 a5 31. h4 a4 32. h5 Rb8 33. hxg6 Kxg6 34. Kf3 Rd6 35. gxf5+ exf5 36. d4 Kh7 37. d5 Nd7 38. e4 1/2-1/2

[Event "Teplice op 3rd"]
[Site "Teplice"]
[Date "2008.06.19"]
[Round "6"]
[White "Lechtynsky, Jiri"]
[Black "Trapl, Jindrich"]
[Result "1/2-1/2"]
[WhiteElo "2420"]
[BlackElo "2337"]
[PlyCount "75"]
[EventDate "2008.06.14"]
[EventType "swiss"]
[EventRounds "9"]
[EventCountry "CZE"]
[SourceTitle "CBM 125 Extra"]
[Source "ChessBase"]
[SourceDate "2008.09.01"]
[SourceVersion "1"]
[SourceVersionDate "2008.09.01"]
[SourceQuality "1"]

1. d4 e6 2. Nf3 d5 3. c4 c6 4. Qc2 Nf6 5. e3 Nbd7 6. Nc3 Bd6 7. b3 0-0 8. Be2 Qe7 9. 0-0 dxc4 10. bxc4 e5 11. a4 Re8 12. Re1 e4 13. Nd2 Nf8 14. Qb3 Ng6 15. Ba3 Nh4 16. Bxd6 Qxd6 17. a5 h5 18. Qa3 Qc7 19. Qc5 Bg4 20. Bf1 Bf5 21. Nb5 Qd7 22. Nd6 b6 23. Qa3 Red8 24. Nxf5 Qxf5 25. axb6 axb6 26. Qxa8 Rxa8 27. Rxa8+ Kh7 28. Ra3 Kh6 29. h3 g5 30. Rb1 g4 31. Rxb6 gxh3 32. gxh3 Qg6+ 33. Kh1 Nd7 34. Rb7 Qf5 35. Kg1 Qg6+ 36. Kh1 Qf5 37. Kg1 Qg6+ 38. Kh2 1/2-1/2

[Event "Teplice op 3rd"]
[Site "Teplice"]
[Date "2008.06.18"]
[Round "5"]
[White "Trapl, Jindrich"]
[Black "Straka, Jozef1111"]
[Result "1-0"]
[WhiteElo "2337"]
[BlackElo "2078"]
[PlyCount "41"]
[EventDate "2008.06.14"]
[EventType "swiss"]
[EventRounds "9"]
[EventCountry "CZE"]
[SourceTitle "CBM 125 Extra"]
[Source "ChessBase"]
[SourceDate "2008.09.01"]
[SourceVersion "1"]
[SourceVersionDate "2008.09.01"]
[SourceQuality "1"]

1. d4 d5 2. Nf3 Nf6 3. c4 c6 4. Nc3 a6 5. Bf4 b5 6. cxb5 cxb5 7. Rc1 e6 8. e3 Bb7 9. Bd3 Bd6 10. Ne5 0-0 11. 0-0 Qb6 12. Qf3 Nfd7 13. Qg3 Bxe5 14. dxe5 f5 15. exf6 Nxf6 16. Bc7 Qc6 17. Nxb5 Qd7 18. Bxb8 Raxb8 19. Rc7 axb5 20. Rxd7 Nxd7 21. Qd6 1-0

[Event "Teplice op 3rd"]
[Site "Teplice"]
[Date "2008.06.16"]
[Round "3"]
[White "Trapl, Jindrich"]
[Black "Likavsky, Tomas"]
[Result "0-1"]
[WhiteElo "2337"]
[BlackElo "2504"]
[PlyCount "100"]
[EventDate "2008.06.14"]
[EventType "swiss"]
[EventRounds "9"]
[EventCountry "CZE"]
[SourceTitle "CBM 125 Extra"]
[Source "ChessBase"]
[SourceDate "2008.09.01"]
[SourceVersion "1"]
[SourceVersionDate "2008.09.01"]
[SourceQuality "1"]

1. e4 c5 2. Nf3 d6 3. d4 cxd4 4. Nxd4 Nf6 5. Nc3 Nc6 6. Be3 Ng4 7. Bb5 Nxe3 8. fxe3 Bd7 9. 0-0 e6 10. Bxc6 bxc6 11. e5 d5 12. Qf3 f5 13. exf6 Qxf6 14. Qg3 Qe7 15. Nf3 0-0-0 16. b4 Qd6 17. Ne5 Be7 18. Nf7 Qxg3 19. hxg3 Bf6 20. Nxh8 Rxh8 21. Na4 Bxa1 22. Rxa1 Rf8 23. Nc5 Kc7 24. e4 e5 25. Re1 d4 26. Rd1 Bg4 27. Rd3 a5 28. bxa5 Ra8 29. Ra3 Kd6 30. Nb7+ Kc7 31. Nc5 Ra7 32. a6 Be2 33. Kf2 Bb5 34. c3 Kb6 35. cxd4 exd4 36. Ne6 c5 37. Ke1 Bc4 38. Nf4 Rxa6 39. Rxa6+ Kxa6 40. a3 g5 41. Nh5 Kb5 42. Ng7 Bb3 43. Kd2 Kc6 44. Nf5 Kd7 45. Kd3 Ke6 46. Nh6 Bd1 47. Kc4 Be2+ 48. Kxc5 d3 49. Nf5 d2 50. Ne3 Ke5 0-1

[Event "EU-chT Seniors 10th"]
[Site "Dresden"]
[Date "2008.02.14"]
[Round "4.3"]
[White "Trapl, Jindrich"]
[Black "Hohler, Peter"]
[Result "1/2-1/2"]
[WhiteElo "2337"]
[BlackElo "2184"]
[PlyCount "114"]
[EventDate "2008.02.11"]
[EventType "team-swiss"]
[EventRounds "9"]
[EventCountry "GER"]
[SourceTitle "CBM 122 Extra"]
[Source "ChessBase"]
[SourceDate "2008.03.04"]
[SourceVersion "1"]
[SourceVersionDate "2008.03.04"]
[SourceQuality "1"]
[WhiteTeam "Czech Republic"]
[BlackTeam "Switzerland"]
[WhiteTeamCountry "CZE"]
[BlackTeamCountry "SUI"]

1. Nf3 Nf6 2. b3 g6 3. Bb2 Bg7 4. g3 b6 5. Bg2 Bb7 6. 0-0 0-0 7. c4 c5 8. Nc3 d5 9. Nxd5 Nxd5 10. Bxg7 Kxg7 11. cxd5 Bxd5 12. d4 Na6 13. dxc5 Nxc5 14. Qd4+ Kg8 15. Rfd1 Bxf3 16. Bxf3 Qxd4 17. Rxd4 Rad8 18. Rad1 Rxd4 19. Rxd4 Rc8 20. b4 Ne6 21. Rd3 Rc4 22. Ra3 Nd4 23. Rxa7 Nxf3+ 24. exf3 Rxb4 25. Rxe7 Rb2 26. Ra7 b5 27. f4 b4 28. g4 b3 29. axb3 Rxb3 30. Kg2 Rb5 31. Kg3 h6 32. Re7 Kg7 33. Re5 Rb3+ 34. f3 Rb1 35. g5 Rg1+ 36. Kf2 Rh1 37. Kg2 Ra1 38. Re7 hxg5 39. fxg5 Ra5 40. h4 Ra2+ 41. Kg3 Ra1 42. Re4 Rh1 43. Rf4 Rg1+ 44. Kf2 Rh1 45. Kg2 Ra1 46. Rf6 Ra4 47. Kg3 Ra1 48. Rf4 Ra2 49. Rd4 Ra1 50. Kf4 Re1 51. Rd6 Rh1 52. Kg3 Rg1+ 53. Kh2 Ra1 54. Rf6 Ra2+ 55. Kg3 Ra3 56. Rd6 Ra1 57. f4 Rg1+ 1/2-1/2

[Event "CZE-chT2b 0607"]
[Site "Czech Republic"]
[Date "2007.03.25"]
[Round "10"]
[White "Srba, Milan"]
[Black "Trapl, Jindrich"]
[Result "0-1"]
[WhiteElo "2237"]
[BlackElo "2340"]
[PlyCount "56"]
[EventDate "2006.10.15"]
[EventType "team"]
[EventRounds "11"]
[EventCountry "CZE"]
[SourceTitle "EXT 2009"]
[Source "ChessBase"]
[SourceDate "2008.11.26"]
[SourceVersion "1"]
[SourceVersionDate "2008.11.26"]
[SourceQuality "1"]

1. e4 d5 2. exd5 Nf6 3. Bb5+ Nbd7 4. c4 a6 5. Ba4 b5 6. cxb5 Nb6 7. bxa6+ Nxa4 8. Qxa4+ Bd7 9. Qc4 e6 10. dxe6 Bxe6 11. Qb5+ Bd7 12. Qe2+ Be7 13. Nf3 0-0 14. 0-0 Bc8 15. d3 Rxa6 16. Nbd2 Re6 17. Ne4 Nxe4 18. dxe4 Ba6 19. Qc2 Bxf1 20. Kxf1 Qa8 21. e5 Qa6+ 22. Kg1 Rc6 23. Qf5 Qxa2 24. Rb1 g6 25. Qe4 Rc4 26. Ra1 Qxa1 27. Qxc4 Rd8 28. Qc2 Qb1 0-1

[Event "CZE-chT2b 0607"]
[Site "Czech Republic"]
[Date "2007.01.14"]
[Round "6"]
[White "Loucek, Vlastimil"]
[Black "Trapl, Jindrich"]
[Result "1-0"]
[WhiteElo "2270"]
[BlackElo "2340"]
[PlyCount "89"]
[EventDate "2006.10.15"]
[EventType "team"]
[EventRounds "11"]
[EventCountry "CZE"]
[SourceTitle "EXT 2009"]
[Source "ChessBase"]
[SourceDate "2008.11.26"]
[SourceVersion "1"]
[SourceVersionDate "2008.11.26"]
[SourceQuality "1"]

1. Nf3 d6 2. d4 g6 3. c4 Bg7 4. Nc3 e5 5. dxe5 dxe5 6. Qxd8+ Kxd8 7. h4 f6 8. h5 Be6 9. hxg6 hxg6 10. Rxh8 Bxh8 11. b3 a5 12. Ba3 Na6 13. 0-0-0+ Ke8 14. g3 Bg7 15. Bg2 Rb8 16. Rh1 Kf7 17. Ne4 Bh6+ 18. Kb1 g5 19. Nc5 Nxc5 20. Bxc5 g4 21. Nh4 b6 22. Ba3 Rd8 23. Be4 Bg5 24. Nf5 Bxf5 25. Bxf5 Nh6 26. Be4 f5 27. Bd5+ Kg6 28. f3 Bf6 29. e4 f4 30. gxf4 exf4 31. fxg4 c6 32. Bxc6 Rd2 33. Be8+ Kg7 34. g5 Bxg5 35. Rg1 Kf6 36. Bb2+ Ke7 37. Bh5 Bf6 38. Bxf6+ Kxf6 39. Rg6+ Ke5 40. Rxh6 Rh2 41. Rxb6 Kd4 42. Rd6+ Kc3 43. Bd1 Rh1 44. c5 f3 45. c6 1-0

[Event "Teplice op 1st"]
[Site "Teplice"]
[Date "2006.06.24"]
[Round "9"]
[White "Trapl, Jindrich"]
[Black "Hadraba, Vladimir"]
[Result "1-0"]
[WhiteElo "2372"]
[BlackElo "2179"]
[PlyCount "41"]
[EventDate "2006.06.17"]
[EventType "swiss"]
[EventRounds "9"]
[EventCountry "CZE"]
[SourceTitle "CBM 112 Extra"]
[Source "ChessBase"]
[SourceDate "2006.07.14"]
[SourceVersion "1"]
[SourceVersionDate "2006.07.14"]
[SourceQuality "1"]

1. e4 c5 2. Nf3 Nc6 3. Bb5 d6 4. 0-0 Bd7 5. Re1 a6 6. Bxc6 Bxc6 7. d4 cxd4 8. Nxd4 Nf6 9. Bg5 e6 10. Bxf6 Qxf6 11. Nc3 Bd7 12. Qd2 Be7 13. Nf5 exf5 14. Nd5 Qxb2 15. Rab1 Qxa2 16. exf5 0-0 17. Nxe7+ Kh8 18. f6 g5 19. Rxb7 Qa4 20. Qxg5 Qg4 21. Qg7+ 1-0

[Event "Teplice op 1st"]
[Site "Teplice"]
[Date "2006.06.22"]
[Round "7"]
[White "Trapl, Jindrich"]
[Black "Bujak, Michal"]
[Result "0-1"]
[WhiteElo "2372"]
[BlackElo "2198"]
[PlyCount "76"]
[EventDate "2006.06.17"]
[EventType "swiss"]
[EventRounds "9"]
[EventCountry "CZE"]
[SourceTitle "CBM 112 Extra"]
[Source "ChessBase"]
[SourceDate "2006.07.14"]
[SourceVersion "1"]
[SourceVersionDate "2006.07.14"]
[SourceQuality "1"]

1. Nf3 Nf6 2. c4 g6 3. Nc3 c5 4. e4 d6 5. d4 cxd4 6. Nxd4 Bg7 7. Be2 Nc6 8. Nc2 0-0 9. 0-0 a6 10. Be3 b6 11. f3 Bb7 12. Qd2 Re8 13. Rad1 Rc8 14. b3 Qc7 15. Nd5 Nxd5 16. exd5 Nb8 17. Nd4 e5 18. dxe6 fxe6 19. Rc1 Rcd8 20. Qe1 Nd7 21. Qf2 Qb8 22. Rfd1 Ba8 23. Rd2 e5 24. Nc2 b5 25. Nb4 Nc5 26. cxb5 axb5 27. Qf1 e4 28. Nd5 Re5 29. Qd1 Nd3 30. Bxd3 exd3 31. Rxd3 Bxd5 32. Bd4 Bb7 33. Bxe5 Bxe5 34. Rc2 b4 35. Rf2 Qa7 36. f4 Bxf4 37. Qe2 Be5 38. Re3 Rc8 0-1

[Event "CZE-chT2b 0506"]
[Site "Czech Republic"]
[Date "2005.11.06"]
[Round "2"]
[White "Trapl, Jindrich"]
[Black "Soukup, Jiri"]
[Result "0-1"]
[WhiteElo "2370"]
[BlackElo "2185"]
[PlyCount "78"]
[EventDate "2005.10.16"]
[EventType "team"]
[EventRounds "11"]
[EventCountry "CZE"]
[SourceTitle "EXT 2009"]
[Source "ChessBase"]
[SourceDate "2008.11.26"]
[SourceVersion "1"]
[SourceVersionDate "2008.11.26"]
[SourceQuality "1"]

1. c4 e5 2. Nc3 Nf6 3. g3 d5 4. cxd5 Nxd5 5. Bg2 Be6 6. Nf3 Nc6 7. 0-0 Nb6 8. a4 a5 9. Nb5 Be7 10. d4 exd4 11. Nfxd4 Nxd4 12. Nxd4 Bd5 13. e4 Bc4 14. Re1 Bb4 15. Be3 Bxe1 16. Qxe1 0-0 17. b3 Be6 18. Rc1 Re8 19. Qc3 c5 20. Qxc5 Rc8 21. Qa3 Rxc1+ 22. Qxc1 Nd7 23. f4 Nf6 24. h3 Qc8 25. Qxc8 Rxc8 26. f5 Bxb3 27. e5 Nd5 28. Bd2 Bc4 29. Nb5 Bxb5 30. axb5 Rc5 31. Bxa5 Rxb5 32. Bd8 Ne3 33. Be4 Rxe5 34. Bxb7 Rxf5 35. Be4 Rf1+ 36. Kh2 f5 37. Bh1 Rd1 38. Bg5 Nf1+ 39. Kg2 Nxg3 0-1

[Event "Most op"]
[Site "Most"]
[Date "2004.??.??"]
[Round "9"]
[White "Marsa, Jan"]
[Black "Trapl, Jindrich"]
[Result "0-1"]
[WhiteElo "2000"]
[BlackElo "2395"]
[PlyCount "62"]
[EventDate "2004.??.??"]
[EventType "swiss"]
[EventRounds "9"]
[EventCountry "CZE"]
[SourceTitle "EXT 2007"]
[Source "ChessBase"]
[SourceDate "2006.11.23"]
[SourceVersion "1"]
[SourceVersionDate "2006.11.23"]
[SourceQuality "1"]

1. e4 c5 2. d3 Nc6 3. g3 g6 4. Bg2 Bg7 5. Ne2 e5 6. c3 Nge7 7. Be3 d6 8. 0-0 0-0 9. Nd2 b6 10. Nb3 d5 11. d4 cxd4 12. cxd4 dxe4 13. Bxe4 Bh3 14. Bg2 Bxg2 15. Kxg2 Nf5 16. d5 Nce7 17. Nc3 Nxe3+ 18. fxe3 e4 19. d6 Nf5 20. Rxf5 gxf5 21. d7 Qg5 22. Nd5 Rfd8 23. Nc7 Rab8 24. Qd5 Qxe3 25. Rd1 f4 26. gxf4 Qxf4 27. Na6 Qf3+ 28. Kg1 Bh6 29. Re1 Be3+ 30. Rxe3 Qxe3+ 31. Kg2 Qf3+ 0-1

[Event "Most op"]
[Site "Most"]
[Date "2004.??.??"]
[Round "1"]
[White "Stastny, Petr"]
[Black "Trapl, Jindrich"]
[Result "0-1"]
[WhiteElo "1990"]
[BlackElo "2395"]
[PlyCount "76"]
[EventDate "2004.??.??"]
[EventType "swiss"]
[EventRounds "9"]
[EventCountry "CZE"]
[SourceTitle "EXT 2007"]
[Source "ChessBase"]
[SourceDate "2006.11.23"]
[SourceVersion "1"]
[SourceVersionDate "2006.11.23"]
[SourceQuality "1"]

1. d4 f5 2. c4 e6 3. g3 Nf6 4. Bg2 Be7 5. Nf3 0-0 6. b3 d6 7. Bb2 Qe8 8. Nc3 a5 9. Qc2 Nc6 10. Rd1 e5 11. dxe5 dxe5 12. Nd5 Nb4 13. Qc1 Nfxd5 14. cxd5 e4 15. Nd2 Nxd5 16. Nxe4 fxe4 17. Rxd5 Qf7 18. Bxe4 Be6 19. Rd3 Qxf2+ 20. Kd1 c6 21. Bd4 Qf7 22. Rf3 Qh5 23. Rxf8+ Rxf8 24. Qe3 Rd8 25. Bf3 Qf5 26. Ke1 Bb4+ 27. Kf1 Bd5 28. g4 Qd7 29. Bb6 Rf8 30. Kg2 Qxg4+ 31. Kf2 Be7 32. Qxe7 Rxf3+ 33. exf3 Qxf3+ 34. Ke1 Qxh1+ 35. Kd2 Qxh2+ 36. Kc3 Qg3+ 37. Kd4 Qf4+ 38. Kc3 Qb4+ 0-1

[Event "Tatry op"]
[Site "Tatranske Zruby"]
[Date "2003.10.04"]
[Round "9"]
[White "Plachetka, Jan"]
[Black "Trapl, Jindrich"]
[Result "1-0"]
[WhiteElo "2455"]
[BlackElo "2392"]
[PlyCount "109"]
[EventDate "2003.09.27"]
[EventType "swiss"]
[EventRounds "9"]
[EventCountry "SVK"]
[SourceTitle "CBM 096 Extra"]
[Source "ChessBase"]
[SourceDate "2003.10.22"]
[SourceVersion "2"]
[SourceVersionDate "2003.10.20"]
[SourceQuality "1"]

1. d4 Nf6 2. Nf3 g6 3. Bg5 Bg7 4. Nbd2 h6 5. Bh4 0-0 6. c3 d6 7. e4 Nc6 8. h3 Nh5 9. Bc4 Qe8 10. 0-0 e5 11. dxe5 dxe5 12. Re1 Be6 13. Bxe6 Qxe6 14. Qb3 Qxb3 15. axb3 Nf4 16. Nc4 f6 17. b4 a6 18. Bg3 Ne6 19. Ne3 Rfd8 20. Red1 Rxd1+ 21. Rxd1 Rd8 22. Rxd8+ Ncxd8 23. Nd2 Kf7 24. f3 Bf8 25. Kf1 c5 26. bxc5 Nxc5 27. Nd5 a5 28. Nc4 Nc6 29. Ke2 Ke6 30. Bf2 f5 31. Bxc5 Bxc5 32. Kd3 a4 33. Kc2 Nd8 34. Ncb6 a3 35. b4 Bf2 36. Nc4 a2 37. Kb2 Nf7 38. Nc7+ Kd7 39. Nd5 Ke6 40. Kxa2 Ng5 41. Nc7+ Kd7 42. Nb5 Kc6 43. Ncd6 fxe4 44. fxe4 Be1 45. Kb3 Nxe4 46. Nxe4 Kxb5 47. c4+ Kc6 48. b5+ Kd7 49. c5 Bh4 50. Kc4 Ke6 51. b6 Bd8 52. g3 Kd7 53. Kd5 Be7 54. g4 Bh4 55. Nd6 1-0

[Event "Tatry op"]
[Site "Tatranske Zruby"]
[Date "2003.10.01"]
[Round "6"]
[White "Trapl, Jindrich"]
[Black "Sejkora, Vlastimil"]
[Result "1-0"]
[WhiteElo "2392"]
[BlackElo "2215"]
[PlyCount "83"]
[EventDate "2003.09.27"]
[EventType "swiss"]
[EventRounds "9"]
[EventCountry "SVK"]
[SourceTitle "CBM 096 Extra"]
[Source "ChessBase"]
[SourceDate "2003.10.22"]
[SourceVersion "2"]
[SourceVersionDate "2003.10.20"]
[SourceQuality "1"]

1. d4 Nf6 2. Nf3 g6 3. e3 Bg7 4. Be2 d5 5. 0-0 0-0 6. b4 b6 7. Nbd2 Ba6 8. b5 Bb7 9. Bb2 Nbd7 10. c4 c5 11. bxc6 Bxc6 12. Qb3 Rc8 13. Rfe1 dxc4 14. Nxc4 Ne4 15. a4 Bd5 16. Qb4 Re8 17. a5 Rb8 18. a6 e6 19. Ncd2 Bf8 20. Qb5 Nd6 21. Qd3 f5 22. Ne5 Nxe5 23. dxe5 Nf7 24. e4 fxe4 25. Nxe4 Bxe4 26. Qxe4 Bc5 27. Red1 Qe7 28. h4 Rf8 29. Bf3 Nh6 30. Bc1 Nf5 31. Bg5 Qc7 32. Rac1 Rf7 33. h5 Ng3 34. Qg4 Qxe5 35. Rxc5 Qxc5 36. Qxg3 Re8 37. Be3 Qc2 38. Rd4 e5 39. Be4 Qa2 40. hxg6 Qa1+ 41. Kh2 exd4 42. Bd5 1-0

[Event "Tatry op"]
[Site "Tatranske Zruby"]
[Date "2003.09.30"]
[Round "5"]
[White "Blaho, Stefan"]
[Black "Trapl, Jindrich"]
[Result "0-1"]
[WhiteElo "2228"]
[BlackElo "2392"]
[PlyCount "76"]
[EventDate "2003.09.27"]
[EventType "swiss"]
[EventRounds "9"]
[EventCountry "SVK"]
[SourceTitle "CBM 096 Extra"]
[Source "ChessBase"]
[SourceDate "2003.10.22"]
[SourceVersion "2"]
[SourceVersionDate "2003.10.20"]
[SourceQuality "1"]

1. d4 Nf6 2. Nf3 g6 3. c4 Bg7 4. Nc3 0-0 5. g3 d6 6. Bg2 c6 7. 0-0 Bf5 8. Nh4 Be6 9. b3 Qd7 10. Rb1 Bh3 11. Qc2 Bxg2 12. Kxg2 Na6 13. e4 c5 14. d5 Nc7 15. Bb2 b5 16. h3 bxc4 17. bxc4 Rab8 18. Ba1 e6 19. Nf3 Rb4 20. Nd2 Nh5 21. a3 Rxb1 22. Qxb1 f5 23. exf5 exd5 24. fxg6 d4 25. gxh7+ Kh8 26. Ne2 Qf7 27. Ng1 Ne6 28. Qe4 Ng5 29. Qg4 Nxh7 30. Ngf3 Rg8 31. Ng5 Nxg5 32. Qxg5 Bf8 33. Qh4 Rg7 34. Ne4 Be7 35. Nxd6 Bxd6 36. Bxd4 cxd4 37. Qxd4 Nf4+ 38. Kh1 Qh5 0-1